|
|
|
|
| LEADER |
01424nam a2200373 4500 |
| 001 |
ocn992802425 |
| 003 |
OCoLC |
| 005 |
20180501122036.0 |
| 006 |
m o d |
| 007 |
cr |nu---aucuu |
| 008 |
170705t20172017maua ob 000 0 eng d |
| 040 |
|
|
|a OPELS
|b eng
|e rda
|e pn
|c OPELS
|d OCLCF
|d GrThAP
|
| 020 |
|
|
|a 9780128122303
|q (print)
|
| 035 |
|
|
|a (OCoLC)992802425
|
| 050 |
|
4 |
|a QA76.9.D338
|
| 082 |
0 |
4 |
|a 005.7
|2 23
|
| 049 |
|
|
|a TEFA
|
| 245 |
0 |
0 |
|a Advances in computers.
|n Volume 106 /
|c edited by Ali R. Hurson and Veljko Milutinović.
|
| 264 |
|
1 |
|a Cambridge, Massachusetts :
|b Academic Press,
|c 2017.
|
| 300 |
|
|
|a 1 online resource :
|b illustrations (some color).
|
| 336 |
|
|
|a text
|b txt
|2 rdacontent
|
| 337 |
|
|
|a computer
|b c
|2 rdamedia
|
| 338 |
|
|
|a online resource
|b cr
|2 rdacarrier
|
| 490 |
0 |
|
|a Advances in Computers ;
|v volume 106
|
| 504 |
|
|
|a Includes bibliographical references at the end of each chapters.
|
| 588 |
0 |
|
|a Online resource; title from PDF title page (ScienceDirect, viewed July 5, 2017).
|
| 650 |
|
0 |
|a Data flow computing.
|
| 650 |
|
0 |
|a Computer science.
|
| 650 |
|
7 |
|a Computer science.
|2 fast
|0 (OCoLC)fst00872451
|
| 650 |
|
7 |
|a Data flow computing.
|2 fast
|0 (OCoLC)fst00887940
|
| 655 |
|
4 |
|a Electronic books.
|
| 700 |
1 |
|
|a Hurson, A. R.,
|e editor.
|
| 700 |
1 |
|
|a Milutinović, Veljko,
|e editor.
|
| 856 |
4 |
0 |
|u https://www.sciencedirect.com/science/bookseries/00652458/106
|z Full Text via HEAL-Link
|